书目信息 |
| 题名: |
基因国度
|
|
| 作者: | 皮斯托伊 著 ;智越坤 译 | |
| 分册: | ||
| 出版信息: | 北京 中国科学技术出版社 2024.01 |
|
| 页数: | 224页 | |
| 开本: | 24cm | |
| 丛书名: | ||
| 单 册: | ||
| 中图分类: | Q78 | |
| 科图分类: | ||
| 主题词: | 基因工程--ji yin gong cheng | |
| 电子资源: | ||
| ISBN: | 978-7-5236-0304-8 | |
| 000 | 01269nam0 2200289 450 | |
| 001 | 94448 | |
| 005 | 20250820144912.40 | |
| 010 | @a978-7-5236-0304-8@dCNY69.00 | |
| 100 | @a20240108d2024 em y0chiy50 ea | |
| 101 | 1 | @achi@cita |
| 102 | @aCN@b110000 | |
| 105 | @ay z 000yy | |
| 106 | @ar | |
| 200 | 1 | @a基因国度@Aji yin guo du@e基因网络如何改变生活@f(意大利) 塞尔吉奥·皮斯托伊著@d= DNA nation@ehow the internet of genesis changing your life@fSergio Pistoi@g智越坤译@zeng |
| 210 | @a北京@c中国科学技术出版社@d2024.01 | |
| 215 | @a224页@d24cm | |
| 300 | @a中科书院 | |
| 314 | @a塞尔吉奥?皮斯托伊 (Sergio Pistoi), 拥有分子生物学博士学位的科学作家。 | |
| 330 | @a本书以基因检测为线索, 深入浅出地介绍了遗传学知识, 探讨了基因检测对人们生活和社会的各个方面的影响。本书还涵盖了多个有趣的主题, 如遗传混血儿、身份游戏、云端基因、遗传自拍、尽享美食、极客之美、天生跑者等。 | |
| 510 | 1 | @aDNA nation@ehow the internet of genesis changing your life@zeng |
| 517 | 1 | @a基因网络如何改变生活@Aji yin wang luo ru he gai bian sheng huo |
| 606 | 0 | @a基因工程@Aji yin gong cheng |
| 690 | @aQ78@v5 | |
| 701 | 1 | @a皮斯托伊@Api si tuo yi@g(Pistoi, Sergio)@4著 |
| 702 | 0 | @a智越坤@Azhi yue kun@4译 |
| 801 | 0 | @aCN@c20250909 |
| 905 | @a河南城建学院图书馆@dQ78@eP635@f3 | |
| 基因国度:基因网络如何改变生活/(意大利) 塞尔吉奥·皮斯托伊著= DNA nation:how the internet of genesis changing your life/Sergio Pistoi/智越坤译.-北京:中国科学技术出版社,2024.01 |
| 224页;24cm |
| 中科书院 |
| ISBN 978-7-5236-0304-8:CNY69.00 |
| 本书以基因检测为线索, 深入浅出地介绍了遗传学知识, 探讨了基因检测对人们生活和社会的各个方面的影响。本书还涵盖了多个有趣的主题, 如遗传混血儿、身份游戏、云端基因、遗传自拍、尽享美食、极客之美、天生跑者等。 |
| ● |
| 相关链接 |
|
|
|
正题名:基因国度
索取号:Q78/P635
 
预约/预借
| 序号 | 登录号 | 条形码 | 馆藏地/架位号 | 状态 | 备注 |
| 1 | 1628520 | 216285204 | 自科库401/401自科库 31排2列5层/ [索取号:Q78/P635] | 在馆 | |
| 2 | 1628521 | 216285213 | 自科库401/401自科库 31排2列5层/ [索取号:Q78/P635] | 在馆 | |
| 3 | 1628522 | 216285222 | 自科库401/401自科库 31排2列5层/ [索取号:Q78/P635] | 在馆 |